| 000 | 00819nam a2200217Ia 4500 | ||
|---|---|---|---|
| 003 | GCL | ||
| 008 | 140319s9999 xx 000 0 ara d | ||
| 040 |
_aGCL / _cGCL |
||
| 082 | 0 | 4 |
_aق _b320.12 _bع ط |
| 100 | 1 | _aعبدالتواب عبدالحى | |
| 245 | 1 | 0 |
_aطابا : _bكيف ضاعت ؟ وكيف عادت ؟ / _cعبدالتواب عبدالحى |
| 260 |
_aالقاهرة : _bمركز الاهرام للترجمة والنشر ، _c1991 |
||
| 300 |
_a267 ؛ _c24 سم |
||
| 650 | 0 | 4 | _aالقانون الدولى |
| 650 | 0 | 4 | _aالعلاقات الخارجية |
| 650 | 0 | 4 | _aالاحتلال الصهيونى |
| 650 | 0 | 4 | _aالحدود السياسية |
| 650 | 0 | 4 | _aسيناء |
| 650 | 0 | 4 | _aمصر - تاريخ - العصر الحديث - انور السادات (1971 - 1981) |
| 942 |
_2ddc _cBK |
||
| 999 |
_c30956 _d30956 |
||